000 01557nam a2200253Ia 4500
003 Ost
005 20260507075144.0
008 260507s9999||||xx |||||||||||||| ||und||
020 _a53903299579
040 _cfsecg
041 _aara
082 _a330
100 _aبن شهرة، مدني
_eمؤلف
245 0 _aالاصلاح الاقتصادي و سياسة التشغيل :
_bالتجربة الجزائرية /
_c مدني بن شهرة
260 _aعمان:
_bدار الحامد,
_c2008
300 _a308 صفحة؛
_bإيضاحات ؛
_c25 سم
504 _a(إقتناءات 2014 3ن)
520 _aفلسفة برنامج الإصلاح الاقتصادي الذي يؤازروه صندوق النقد الدولي -الثنائية العالمية وسياسة الإصلاح الاقتصادي -نماذج الإصلاح الاقتصادي الرئيسية المقترحة من خبراء صندوق النقد الدولي-الجزائر وصندوق النقد الدولي-تحليل تطور التشغيل في الجزائر(1966-1999) -آثار سياسة الإصلاح على مستوى التشغيل والبطالة -أسباب مشكلة البطالة في الجزائر وتقييم سياسات علاجها -الإجراءات المرافقة لبرنامج الإصلاح الاقتصادي للتخفيف من آثاره
653 _aالإصلاح الإقتصادي
653 _aتشغيل
653 _aسياسة التشغيل
653 _aصندوق النقد الدولي
942 _cكتاب
999 _c43313
_d43313